00413cam a22001217a 4500008004000000082001900040100004600059245006800105260004800173300001000221500002900231700003100260180718b1953 xxu||||| |||| 00| 0 eng d aP42x5452 M267e aMadras. Committee on Elementary Education aReport of the Committee on Elementary Education in Madras, 1953 aMadrasbThe Information and Publicityc1953 a79+p. aChairman: R.V. Parulekar aParulekar, R.V. (Chairman)